Commonly Misspelled Words III Quiz Stats

 Plays Quiz Updated Nov 9, 2020

Support Sporcle.
Go Orange.
Score 0/20 Timer 05:00
37 Plays Today
% Correct
???
58.2%
???
56.7%
???
55.8%
???
52.4%
???
52.2%
???
49.8%
???
48.7%
???
48.6%
???
48.3%
???
47.1%
% Correct
???
46.3%
???
45.8%
???
42.9%
???
41%
???
38.7%
???
37.6%
???
34%
???
31.6%
???
26%
???
26%

From the Vault

Not Vinny Testaverde Teams

by merzaj

Sports 2m
We're surprised this quiz exists. We thought he played for all 32 teams.
Remove Ads.
Support Sporcle.
Get the best of Sporcle when you Go Orange. This ad-free experience offers more features, more stats, and more fun while also helping to support Sporcle. Thank you for becoming a member.

Show Comments

Extras

Top Quizzes Today


Score Distribution

Your Account Isn't Verified!

In order to create a playlist on Sporcle, you need to verify the email address you used during registration. Go to your Sporcle Settings to finish the process.

Report this User

Report this user for behavior that violates our Community Guidelines.

Details: